Real dream teams; (Record no. 4755)
[ view plain ]
| 000 -LEADER | |
|---|---|
| fixed length control field | 00440nam a22001577a 4500 |
| 005 - DATE AND TIME OF LATEST TRANSACTION | |
| control field | 20250313123736.0 |
| 008 - FIXED-LENGTH DATA ELEMENTS--GENERAL INFORMATION | |
| fixed length control field | 250313b |||||||| |||| 00| 0 eng d |
| 020 ## - INTERNATIONAL STANDARD BOOK NUMBER | |
| International Standard Book Number | 8175120126 |
| 050 ## - LIBRARY OF CONGRESS CALL NUMBER | |
| Classification number | HD66 |
| Item number | FIS |
| 100 ## - MAIN ENTRY--PERSONAL NAME | |
| Personal name | Fisher, Bob |
| 245 ## - TITLE STATEMENT | |
| Title | Real dream teams; |
| Remainder of title | seven practices used by world-class |
| 260 ## - PUBLICATION, DISTRIBUTION, ETC. | |
| Place of publication, distribution, etc. | New Delhi |
| Name of publisher, distributor, etc. | Global Books and subscription services |
| Date of publication, distribution, etc. | c1996 |
| 300 ## - PHYSICAL DESCRIPTION | |
| Extent | xii, 192p |
| 700 ## - ADDED ENTRY--PERSONAL NAME | |
| Personal name | Thomas, Bo |
| 942 ## - ADDED ENTRY ELEMENTS (KOHA) | |
| Source of classification or shelving scheme | Library of Congress Classification |
| Koha item type | Books |
| Suppress in OPAC | No |
| 999 ## - | |
| -- | 4755 |
| -- | 4755 |
| Withdrawn status | Lost status | Source of classification or shelving scheme | Damaged status | Not for loan | Collection | Home library | Current library | Shelving location | Date acquired | Total checkouts | Full call number | Barcode | Date last seen | Copy number | Price effective from | Koha item type |
|---|---|---|---|---|---|---|---|---|---|---|---|---|---|---|---|---|
| Library of Congress Classification | Non-fiction | Business Library (Miotso) | Business Library (Miotso) | General stacks | 04/28/2025 | HD66 FIS | BSSM00002085 | 04/28/2025 | 3 | 04/28/2025 | Books | |||||
| Library of Congress Classification | Non-fiction | Undergraduate Library (Christ Temple) | Undergraduate Library (Christ Temple) | General stacks | 03/13/2025 | HD66 FIS | ulct00001700 | 03/13/2025 | 1 | 03/13/2025 | Books | |||||
| Library of Congress Classification | Non-fiction | Undergraduate Library (Christ Temple) | Undergraduate Library (Christ Temple) | General stacks | 03/13/2025 | HD66 FIS | ulct00001704 | 03/13/2025 | 1 | 03/13/2025 | Books | |||||
| Library of Congress Classification | Non-fiction | Undergraduate Library (Christ Temple) | Undergraduate Library (Christ Temple) | General stacks | 05/13/2025 | HF5438 FIS | ulct00002368 | 05/13/2025 | 1 | 05/13/2025 | Books |